000 00563nam a2200181#a 4500
001 01487
003 HDC
007 ta
008 230623s2023 xx 000 0 eng d
040 _aHDC
050 _aref QD1
_b.C66 2007
110 _aCommittee on Research and Education Muslim Mindanao Halal Certification Board.
245 0 _aHalalness of ingredients and other chemical substances /
_cprepared by Committee on Research and Education Muslim Mindanao Halal Certification Board.
942 _2lcc
942 _cBK
942 _kref QD1
942 _m.C66 2007
999 _c23053
_d23053